00569nam a2200193Ia 4500008004100000020001800041082000800059100002600067245004000093250000600133260003900139300001500178500002400193650001600217700002800233942000700261952009000268999001700358230524s9999 xx 000 0 und d a9789380578231 bNAG aS.Nagabhushana943001 0aLasers and Optical Instrumentation a1 aNew DelhibI.K.Internationalc2013 a"IX,331p;" aQuantity Number: 1 aElectronics aN.Sathyanarayana943002 cBK 00104070aTATCLbTATCLcGENd2023-05-24l0o NAGp54240r2023-05-24w2023-05-24yBK c57949d57949